Welcome to CU Library Online Public Access Catalogue (OPAC)

What more is there to say but Amen : (Record no. 2961)

MARC details
000 -LEADER
fixed length control field 00773cam a2200217 a 4500
001 - CONTROL NUMBER
control field 689591
005 - DATE AND TIME OF LATEST TRANSACTION
control field 20250123181813.0
008 - FIXED-LENGTH DATA ELEMENTS--GENERAL INFORMATION
fixed length control field 960312s1996 mouaf 000 0aeng
020 ## - INTERNATIONAL STANDARD BOOK NUMBER
International Standard Book Number 0570048761
050 00 - LIBRARY OF CONGRESS CALL NUMBER
Classification number BX8080.H545
Item number A3 1996
082 00 - DEWEY DECIMAL CLASSIFICATION NUMBER
Classification number 284.1/092
-- B
Edition information 20
100 1# - MAIN ENTRY--PERSONAL NAME
Personal name Hoffmann, Oswald C. J.
245 10 - TITLE STATEMENT
Title What more is there to say but Amen :
Remainder of title the autobiography of Dr. Oswald C.J. Hoffmann as told to Ronald J. Schlegel /
Statement of responsibility, etc. Oswald C.J. Hoffmann.
260 ## - PUBLICATION, DISTRIBUTION, ETC.
Place of publication, distribution, etc. St. Louis :
Name of publisher, distributor, etc. CPH,
Date of publication, distribution, etc. c1996.
300 ## - PHYSICAL DESCRIPTION
Extent 367 p., [16] p. of plates :
Other physical details ill. ;
Dimensions 24 cm.
650 #0 - SUBJECT ADDED ENTRY--TOPICAL TERM
Topical term or geographic name entry element Lutherans
Geographic subdivision United States
General subdivision Biography.
650 #0 - SUBJECT ADDED ENTRY--TOPICAL TERM
Topical term or geographic name entry element Lutheran Church
General subdivision Clergy
-- Biography.
650 #0 - SUBJECT ADDED ENTRY--TOPICAL TERM
Topical term or geographic name entry element Clergy
Geographic subdivision United States
General subdivision Biography.
700 1# - ADDED ENTRY--PERSONAL NAME
Personal name Schlegel, Ronald J.,
Dates associated with a name 1933-
942 ## - ADDED ENTRY ELEMENTS (KOHA)
Source of classification or shelving scheme Library of Congress Classification
Koha item type Books
Suppress in OPAC No
999 ## -
-- 2961
-- 2961
Holdings
Withdrawn status Lost status Source of classification or shelving scheme Damaged status Not for loan Collection Home library Current library Shelving location Date acquired Total checkouts Full call number Barcode Date last seen Copy number Price effective from Koha item type
    Library of Congress Classification     Non-fiction Graduate Library (Christ Temple) Graduate Library (Christ Temple) General stacks 01/23/2025   BX 8080 HOF GSCT00000329 01/23/2025 1 01/23/2025 Books
© 2023-2024 Copyright: Central University Libraries. All Rights Reserved | Created by: Mahone Tech Office